000 00655nam a22001577a 4500
020 _a81-87430-27-3
082 _a294.5922
_bRAM/S
100 _aEZHUTHACHAN, THUNJATHU
245 _aSAMBOORNA RAMAYANAM
_bKILIPATTU
250 _a14 TH EDITION
260 _aTIRUVALLA
_bMERIDIAN PUBLISHERS
_c2013
300 _a384
520 _aThe Ramayana is an ancient Sanskrit epic which follows Prince Rama's quest to rescue his beloved wife Sita from the clutches of Ravana with the help of an army of monkeys. It is traditionally attributed to the authorship of the sage Valmiki and dated to around 500 BCE to 100 BCE.
650 _aRELIGIOUS
_zINDIA
942 _cBK
999 _c5161
_d5161